Sports Quiz

Random Sports or Basketball Quiz

Which NBA Player Is It? Quiz Stats

 Plays Quiz Updated Nov 30, 2014

Challenge
Share
Tweet
Score 0/25 Timer 08:00
10 Plays Today
% Correct
Correct! It's Jermaine O'Neal
96.3%
Correct! It's Shareef Abdur-Rahim
93.2%
Correct! It's Magic Johnson
93.2%
Correct! It's Jellybean Bryant
92.5%
Correct! It's Dominique Wilkens
91.9%
Correct! It's Moses Malone
91.7%
Correct! It's DeAndre Jordan
91.1%
Correct! It's Isiah Thomas
90.9%
Correct! It's Jerry West
90.8%
Correct! It's A.C. Green
90.5%
Correct! It's Luke Walton
90.1%
Correct! It's Jason Williams
89.3%
Correct! It's Kwame Brown
88.1%
% Correct
Correct! It's Jamal Crawford
87.6%
Correct! It's Andre Miller
87%
Correct! It's Al Jefferson
86.1%
Correct! It's Anthony Davis
84.4%
Correct! It's Josh Smith
83%
Correct! It's B.J. Armstrong
81.4%
Correct! It's Darren Collison
79.1%
Correct! It's Tim Hardaway
78.2%
Correct! It's Ben Wallace
78%
Correct! It's Mark Jackson
77.7%
Correct! It's Sam Jones
77.1%
Correct! It's Glenn Robinson
72.6%

You're not logged in!

Compare scores with friends on all Sporcle quizzes.
Join for Free
OR
Log In

You Might Also Like...

Show Comments

Extras

Top Quizzes Today


Score Distribution

Your Account Isn't Verified!

In order to create a playlist on Sporcle, you need to verify the email address you used during registration. Go to your Sporcle Settings to finish the process.

Report this User

Report this user for behavior that violates our Community Guidelines.

Details: